000
00319nam a22001457a 4500
008
210609b ||||| |||| 00| 0 eng d
020
_a
9780072943146
041
_a
eng
080
_2
4th
_a
159.9
082
_a
159.9
100
_a
48
101
_a
PSI
245
_a
Abnormal Psychology
_c
Halgin,R.P
942
_2
udc
_c
BK
999
_c
58079
_d
58079